000 00336nam a2200133 i 4500
001 bg
100 1 _aHOBLER, Mieczysław
245 0 _aBadania fizykomechanicznych własności skał /
_cMieczysław Hobler.
260 _aWarszawa,
_c1977.
040 _cBPK
041 _apol
942 _cKS
008 s pl f |000 0 pol
999 _c27604
_d27604
856 _uhttp://koha.tu.koszalin.pl/cgi-bin/koha/opac-detail.pl?biblionumber=27604
_yKatalog online BPK